Odgadnij tych członków INTERNAZIOMALE - Statystyki

Ogólne statystyki
  • Ten quiz został rozwiązany 95 razy
  • Średni wynik to 3 z 5
Statystyki odpowiedzi
Obrazkowy Odpowiedź % Poprawnych
Young Leosia
97%
Żabson
97%
Waima
60%
ADM
16%
Nath
8%
Nie znaleziono quizów pasujących do podanych kryteriów
Rozkład punktacji
Procent ludzi z każdym wynikiem
Percentyl według liczby udzielonych odpowiedzi
Twoja historia wyników
Nie rozwiązałeś tego quizu